000 01377nam a2200241 i 4500
001 7005
003 ES-MaACL
005 20230906145135.0
007 t|
008 900720m19902002sp |||| | spa d
020 _a84-7423-435-2
080 _a9(8.03)"14/19"
245 0 0 _aHistoria de América Latina /
_cLeslie Bethell, ed.
260 _aBarcelona :
_bCritica,
_c1990-2002.
300 _a16 v. ;
_c24 cm.
490 1 _aSerie mayor
505 8 _aContiene: 1. América Latina colonial: la América precolombina y la conquista - 2. América Latina colonial: Europa y América en los siglos XVI, XVII, XVIII - 3. América Latina colonial: economía - 4. América Latina colonial: población, sociedad y cultura - 5. La independencia - 6. América Latina independiente, 1820-1870 - 7. América Latina: economía y sociedad, c. 1870-1930 - 8. América Latina: cultura y sociedad, 1830-1930 - 9. América Central y el Caribe, c. 1870-1930 - 10. América del Sur, c. 1870-1930 - 11. Economía y sociedad desde 1930 - 12. Política y sociedad desde 1930 - 13. México y el Caribe desde 1930 - 14. América Central desde 1930 - 15. El Cono sur desde 1930 - 16. Los países andinos desde 1930
651 4 _aAmérica Latina-
_xHistoria.
_97747
700 1 _aBethell, Leslie.
_928659
830 1 _aSerie mayor
_9177793
852 _aES-MaACL
_jL-28670-85
999 _c7005
_d7005